[Event "46. Villa de Mislata - Magistral 2012"]
[Site "Mislata ESP"]
[Date "2012.08.17"]
[Round "7.2"]
[White "Valmaña Canto, Jaime"]
[Black "Matnadze, Ana"]
[Result "1/2-1/2"]
[WhiteElo "2332"]
[BlackElo "2422"]
[PlyCount "65"]
[EventDate "2012.08.13"]
[EventType "tourn"]
[EventRounds "9"]
[EventCountry "ESP"]
[EventCategory "2"]
[Source "lmi"]
[SourceDate "2012.08.13"]

1. e4 c6 2. Nc3 g6 3. Bc4 b5 4. Bb3 a5 5. a4 b4 6. Nce2 d5 7. exd5 cxd5 8. Nf4
Nf6 9. d4 Bg7 10. Nf3 Ba6 11. Nd3 O-O 12. O-O Ne4 13. Re1 e6 14. Nfe5 f6 15.
Qg4 Bc8 16. Nf3 Nc6 17. h4 f5 18. Qh3 Nxd4 19. Nxd4 Bxd4 20. Bf4 Qf6 21. Qh2
Ra7 22. Rad1 Ba6 23. Be5 Bxe5 24. Nxe5 Rg7 25. Nc6 Bb7 26. Nxa5 Ba8 27. f3 Nc5
28. Qd6 Rc8 29. Bxd5 Bxd5 30. Rxd5 Rd7 31. Qe5 Qxe5 32. Rdxe5 Nxa4 33. b3
1/2-1/2

[Event "46. Villa de Mislata - Magistral 2012"]
[Site "Mislata ESP"]
[Date "2012.08.17"]
[Round "7.3"]
[White "Iagar, Razvan-Gabriel"]
[Black "Alcaraz Ortega, Javier"]
[Result "0-1"]
[WhiteElo "2152"]
[BlackElo "2331"]
[PlyCount "88"]
[EventDate "2012.08.13"]
[EventType "tourn"]
[EventRounds "9"]
[EventCountry "ESP"]
[EventCategory "2"]
[Source "lmi"]
[SourceDate "2012.08.13"]

1. d4 d5 2. c4 c6 3. Nf3 Nf6 4. e3 g6 5. Nc3 Bg7 6. Be2 O-O 7. O-O e6 8. Qc2
Nbd7 9. Rd1 b6 10. e4 Nxe4 11. Nxe4 dxe4 12. Qxe4 Bb7 13. b3 Qc7 14. Bf4 c5 15.
Bxc7 Bxe4 16. Rac1 Rac8 17. Bd6 Rfd8 18. Ng5 Bb7 19. Bf3 Bxf3 20. Nxf3 cxd4 21.
Nxd4 Nc5 22. Ne2 Bf6 23. Ng3 h5 24. f3 Bg5 25. Rb1 f5 26. Kf2 Kf7 27. Ne2 Bf6
28. Ke3 g5 29. h3 Nb7 30. Bb4 Nc5 31. Bc3 e5 32. g4 hxg4 33. hxg4 f4+ 34. Kf2
e4 35. Bxf6 Kxf6 36. Nc3 e3+ 37. Ke2 Ne6 38. Nd5+ Ke5 39. Rf1 Nc7 40. Nxc7 Rd2+
41. Ke1 Rxc7 42. Rh1 Rcd7 43. Rh6 Rg2 44. Kf1 Rdd2 0-1

[Event "46. Villa de Mislata - Magistral 2012"]
[Site "Mislata ESP"]
[Date "2012.08.17"]
[Round "7.4"]
[White "Navarrete Espi, Samuel"]
[Black "Castella Garcia, Fausto"]
[Result "0-1"]
[WhiteElo "2176"]
[BlackElo "2329"]
[PlyCount "82"]
[EventDate "2012.08.13"]
[EventType "tourn"]
[EventRounds "9"]
[EventCountry "ESP"]
[EventCategory "2"]
[Source "lmi"]
[SourceDate "2012.08.13"]

1. e4 c5 2. Nf3 Nc6 3. d4 cxd4 4. Nxd4 g6 5. c4 Bg7 6. Nc2 d6 7. Be2 Qb6 8. Be3
Qxb2 9. O-O Nf6 10. f3 Qe5 11. Qd2 Qa5 12. Qxa5 Nxa5 13. Nc3 O-O 14. Rab1 b6
15. Nd5 Nxd5 16. cxd5 Bb7 17. Bg5 Rfc8 18. Rfc1 Kf8 19. Nb4 Bd4+ 20. Kf1 e6 21.
dxe6 fxe6 22. Bb5 Rc5 23. Bh6+ Bg7 24. Bxg7+ Kxg7 25. Bd7 Kf6 26. Rd1 Ke7 27.
Ba4 b5 28. Nd3 bxa4 29. Nxc5 dxc5 30. Kf2 Bc6 31. Ke3 Nc4+ 32. Kd3 Nd6 33. e5
Nf7 34. Kc4 Bd5+ 35. Kxc5 Nxe5 36. Kd4 Kd6 37. Rdc1 Nc6+ 38. Ke3 Bxa2 39. Rb7
Bd5 40. Ra1 a3 41. Rxa3 Na5 0-1

[Event "46. Villa de Mislata - Magistral 2012"]
[Site "Mislata ESP"]
[Date "2012.08.17"]
[Round "7.5"]
[White "Ballester Llagaria, Luis Eduard"]
[Black "Garcia, Jhoel"]
[Result "1-0"]
[WhiteElo "2203"]
[BlackElo "2365"]
[PlyCount "111"]
[EventDate "2012.08.13"]
[EventType "tourn"]
[EventRounds "9"]
[EventCountry "ESP"]
[EventCategory "2"]
[Source "lmi"]
[SourceDate "2012.08.13"]

1. e4 c5 2. Nf3 d6 3. d4 cxd4 4. Nxd4 Nf6 5. Nc3 a6 6. h3 e5 7. Nde2 b5 8. g4
Bb7 9. Bg2 b4 10. Nd5 Nxd5 11. exd5 Be7 12. Ng3 g6 13. Bh6 Bg5 14. Bxg5 Qxg5
15. Ne4 Qe7 16. Qd2 O-O 17. O-O-O a5 18. f4 f5 19. gxf5 Rxf5 20. h4 exf4 21.
Ng5 Qe3 22. Ne4 Qxd2+ 23. Rxd2 Ra6 24. Bh3 Rf8 25. Be6+ Kg7 26. Rf2 Rb6 27.
Rhf1 Ba6 28. Rg1 f3 29. Rg3 Be2 30. Ng5 Na6 31. Nxf3 Bxf3 32. Rgxf3 Rxf3 33.
Rxf3 Rb7 34. Bc8 Ra7 35. Bxa6 Rxa6 36. c3 bxc3 37. bxc3 Ra7 38. Kd2 Rf7 39. Re3
h5 40. Re6 Rf6 41. Re7+ Kh6 42. Kd3 Rf3+ 43. Kc4 Rf4+ 44. Kb5 Rxh4 45. Re6 Rh3
46. c4 Ra3 47. Rxd6 Rxa2 48. Ra6 h4 49. Rxa5 Rb2+ 50. Kc6 h3 51. Ra3 h2 52.
Rh3+ Kg5 53. d6 Kg4 54. Rh8 Rd2 55. d7 Kg3 56. Kc7 1-0

[Event "46. Villa de Mislata - Magistral 2012"]
[Site "Mislata ESP"]
[Date "2012.08.18"]
[Round "8.1"]
[White "Palencia, Wilson"]
[Black "Garcia, Jhoel"]
[Result "1/2-1/2"]
[WhiteElo "2289"]
[BlackElo "2365"]
[PlyCount "51"]
[EventDate "2012.08.13"]
[EventType "tourn"]
[EventRounds "9"]
[EventCountry "ESP"]
[EventCategory "2"]
[Source "lmi"]
[SourceDate "2012.08.13"]

1. e4 c5 2. Nf3 d6 3. d4 cxd4 4. Nxd4 Nf6 5. Nc3 g6 6. Be3 Bg7 7. f3 Nc6 8. Qd2
O-O 9. Bc4 Qa5 10. O-O-O Nxd4 11. Bxd4 Be6 12. Nd5 Qxd2+ 13. Kxd2 Nxe4+ 14.
fxe4 Bxd4 15. Nxe7+ Kg7 16. Nd5 f5 17. c3 Be5 18. Ne3 Bxc4 19. Nxc4 Bf4+ 20.
Ke2 Rae8 21. Nxd6 Re6 22. Nxb7 Rxe4+ 23. Kf3 g5 24. g3 Rfe8 25. Rhf1 Bc7 26.
Nd6 1/2-1/2

[Event "46. Villa de Mislata - Magistral 2012"]
[Site "Mislata ESP"]
[Date "2012.08.18"]
[Round "8.2"]
[White "Castella Garcia, Fausto"]
[Black "Ballester Llagaria, Luis Eduard"]
[Result "0-1"]
[WhiteElo "2329"]
[BlackElo "2203"]
[PlyCount "106"]
[EventDate "2012.08.13"]
[EventType "tourn"]
[EventRounds "9"]
[EventCountry "ESP"]
[EventCategory "2"]
[Source "lmi"]
[SourceDate "2012.08.13"]

1. e4 c5 2. Nf3 e6 3. Nc3 Nc6 4. Bb5 Nge7 5. O-O a6 6. Bxc6 Nxc6 7. d4 cxd4 8.
Nxd4 Qc7 9. Re1 Bd6 10. Nxc6 dxc6 11. f4 e5 12. Qh5 O-O 13. f5 Bc5+ 14. Kh1 f6
15. Be3 Qe7 16. Rad1 b5 17. Rd3 Ra7 18. Qe2 Rd7 19. Rxd7 Bxd7 20. Rd1 Be8 21.
Bxc5 Qxc5 22. Qd3 Qf2 23. Qd2 Qxd2 24. Rxd2 Rf7 25. Kg1 Rd7 26. Rxd7 Bxd7 27.
b4 Kf7 28. Nd1 Ke7 29. Nb2 c5 30. bxc5 b4 31. Nd3 a5 32. Kf2 Ba4 33. Ne1 Kd7
34. Ke3 Kc6 35. Kd3 Bb5+ 36. Kd2 Bc4 37. c3 Bxa2 38. cxb4 axb4 39. Nd3 Bb1 40.
Nxb4+ Kxc5 41. Na6+ Kb6 42. Nb4 Bxe4 43. g4 Bf3 44. h3 Bg2 45. h4 Kc5 46. Na6+
Kd4 47. Nc7 Bh3 48. Ne6+ Ke4 49. Nxg7 Bxg4 50. Ke1 Kf4 51. Kf2 e4 52. Ne8 e3+
53. Kg2 Bh3+ 0-1

[Event "46. Villa de Mislata - Magistral 2012"]
[Site "Mislata ESP"]
[Date "2012.08.18"]
[Round "8.3"]
[White "Alcaraz Ortega, Javier"]
[Black "Navarrete Espi, Samuel"]
[Result "0-1"]
[WhiteElo "2331"]
[BlackElo "2176"]
[PlyCount "90"]
[EventDate "2012.08.13"]
[EventType "tourn"]
[EventRounds "9"]
[EventCountry "ESP"]
[EventCategory "2"]
[Source "lmi"]
[SourceDate "2012.08.13"]

1. Nf3 Nf6 2. d4 g6 3. Bf4 Bg7 4. e3 d6 5. Be2 O-O 6. O-O b6 7. a4 a6 8. h3 Bb7
9. Bh2 Nbd7 10. c4 a5 11. Nc3 Qe8 12. Re1 Ne4 13. Nd2 Nxc3 14. bxc3 e5 15. Nb3
Qe7 16. Bf3 e4 17. Be2 f5 18. c5 bxc5 19. Nxa5 Rxa5 20. Qb3+ c4 21. Qxb7 Nb6
22. Qc6 Rf6 23. Reb1 Kh8 24. Bxc4 g5 25. Bb5 f4 26. Qe8+ Qxe8 27. Bxe8 Rf8 28.
Bc6 d5 29. Bb5 Bh6 30. Rb4 Kg8 31. c4 fxe3 32. fxe3 g4 33. Bxc7 Bxe3+ 34. Kh2
Bxd4 35. cxd5 Bxa1 36. Bxb6 g3+ 37. Kxg3 Be5+ 38. Kh4 Rf4+ 39. g4 Ra8 40. Bc5
Rc8 41. Bc6 e3 42. Rb3 e2 43. Re3 Bf6+ 44. Kg3 Rc4 45. Be7 Rc3 0-1

[Event "46. Villa de Mislata - Magistral 2012"]
[Site "Mislata ESP"]
[Date "2012.08.18"]
[Round "8.4"]
[White "Matnadze, Ana"]
[Black "Iagar, Razvan-Gabriel"]
[Result "1-0"]
[WhiteElo "2422"]
[BlackElo "2152"]
[PlyCount "63"]
[EventDate "2012.08.13"]
[EventType "tourn"]
[EventRounds "9"]
[EventCountry "ESP"]
[EventCategory "2"]
[Source "lmi"]
[SourceDate "2012.08.13"]

1. d4 d5 2. g3 Nf6 3. Bg2 g6 4. Nf3 Bg7 5. O-O O-O 6. c4 c6 7. Nc3 dxc4 8. a4
Nd5 9. e4 Nb4 10. Be3 Bg4 11. Qd2 a5 12. Ne1 e5 13. d5 Qd7 14. h4 Bh3 15. Rd1
Bxg2 16. Kxg2 N8a6 17. h5 Rfe8 18. Rh1 Nc7 19. Rh4 Bf6 20. Bg5 Qd8 21. Nf3 Nd3
22. Rdh1 cxd5 23. hxg6 hxg6 24. Rh8+ Bxh8 25. Bxd8 Raxd8 26. Rxh8+ Kxh8 27.
Qh6+ Kg8 28. Ng5 Rd7 29. exd5 f6 30. Nge4 Rf7 31. Qxg6+ Kf8 32. Qh6+ 1-0

[Event "46. Villa de Mislata - Magistral 2012"]
[Site "Mislata ESP"]
[Date "2012.08.18"]
[Round "8.5"]
[White "Garcia Martinez, Silvino"]
[Black "Valmaña Canto, Jaime"]
[Result "1/2-1/2"]
[WhiteElo "2319"]
[BlackElo "2332"]
[PlyCount "31"]
[EventDate "2012.08.13"]
[EventType "tourn"]
[EventRounds "9"]
[EventCountry "ESP"]
[EventCategory "2"]
[Source "lmi"]
[SourceDate "2012.08.13"]

1. d4 g6 2. Nf3 Bg7 3. c4 d6 4. g3 e5 5. Nc3 Nc6 6. dxe5 Nxe5 7. Nxe5 Bxe5 8.
Bg2 Ne7 9. O-O O-O 10. Bd2 a6 11. Rc1 Rb8 12. b3 b5 13. Nd5 bxc4 14. Rxc4 Nxd5
15. Bxd5 Be6 16. Bc3 1/2-1/2

[Event "46. Villa de Mislata - Magistral 2012"]
[Site "Mislata ESP"]
[Date "2012.08.19"]
[Round "9.1"]
[White "Valmaña Canto, Jaime"]
[Black "Palencia, Wilson"]
[Result "1/2-1/2"]
[WhiteElo "2332"]
[BlackElo "2289"]
[PlyCount "28"]
[EventDate "2012.08.13"]
[EventType "tourn"]
[EventRounds "9"]
[EventCountry "ESP"]
[EventCategory "2"]
[Source "lmi"]
[SourceDate "2012.08.13"]

1. e4 e5 2. Bc4 Nf6 3. d3 Be7 4. Nc3 O-O 5. f4 d6 6. Nf3 Bg4 7. O-O Nc6 8. h3
Bxf3 9. Qxf3 Nd4 10. Qd1 c6 11. fxe5 dxe5 12. a4 b5 13. axb5 cxb5 14. Bd5 Rc8
1/2-1/2

[Event "46. Villa de Mislata - Magistral 2012"]
[Site "Mislata ESP"]
[Date "2012.08.19"]
[Round "9.3"]
[White "Navarrete Espi, Samuel"]
[Black "Matnadze, Ana"]
[Result "0-1"]
[WhiteElo "2176"]
[BlackElo "2422"]
[PlyCount "88"]
[EventDate "2012.08.13"]
[EventType "tourn"]
[EventRounds "9"]
[EventCountry "ESP"]
[EventCategory "2"]
[Source "lmi"]
[SourceDate "2012.08.13"]

1. e4 c6 2. d4 g6 3. Nc3 d5 4. h3 Bg7 5. Nf3 dxe4 6. Nxe4 Nf6 7. Nxf6+ exf6 8.
Bc4 O-O 9. O-O Nd7 10. Re1 b5 11. Bb3 Nb6 12. c3 a5 13. Bf4 a4 14. Bc2 Nd5 15.
Qd2 Be6 16. Bd3 Qa5 17. a3 Rfd8 18. Bg3 Qa7 19. Re2 Qd7 20. Rae1 Bf8 21. Bb1
Re8 22. Bh4 Bd6 23. Re4 Qc7 24. Ba2 Bf4 25. Qd1 g5 26. Bg3 Bxg3 27. fxg3 Qxg3
28. Bxd5 cxd5 29. R4e3 Qd6 30. Nh2 Bd7 31. Ng4 Re4 32. Nh6+ Kg7 33. Rxe4 dxe4
34. Qh5 Rf8 35. h4 Qf4 36. Rf1 Qxh4 37. Nf5+ Bxf5 38. Qxh4 gxh4 39. Rxf5 Rb8
40. Rf4 Re8 41. Rf5 Kg6 42. Rxb5 f5 43. Re5 Rxe5 44. dxe5 f4 0-1

[Event "46. Villa de Mislata - Magistral 2012"]
[Site "Mislata ESP"]
[Date "2012.08.19"]
[Round "9.4"]
[White "Ballester Llagaria, Luis Eduard"]
[Black "Alcaraz Ortega, Javier"]
[Result "1/2-1/2"]
[WhiteElo "2203"]
[BlackElo "2331"]
[PlyCount "38"]
[EventDate "2012.08.13"]
[EventType "tourn"]
[EventRounds "9"]
[EventCountry "ESP"]
[EventCategory "2"]
[Source "lmi"]
[SourceDate "2012.08.13"]

1. e4 d5 2. exd5 Qxd5 3. Nf3 Bg4 4. Be2 Nc6 5. d4 O-O-O 6. Be3 e5 7. Nc3 Qa5 8.
Nxe5 Bxe2 9. Qxe2 Nxe5 10. dxe5 Qxe5 11. Rd1 Rxd1+ 12. Kxd1 Nf6 13. Qc4 Qe6 14.
Qxe6+ fxe6 15. Ke2 Bb4 16. Nb5 a6 17. a3 Bd6 18. Nxd6+ cxd6 19. Rd1 Kc7 1/2-1/2

[Event "46. Villa de Mislata - Magistral 2012"]
[Site "Mislata ESP"]
[Date "2012.08.19"]
[Round "9.5"]
[White "Garcia, Jhoel"]
[Black "Castella Garcia, Fausto"]
[Result "0-1"]
[WhiteElo "2365"]
[BlackElo "2329"]
[PlyCount "100"]
[EventDate "2012.08.13"]
[EventType "tourn"]
[EventRounds "9"]
[EventCountry "ESP"]
[EventCategory "2"]
[Source "lmi"]
[SourceDate "2012.08.13"]

1. d4 Nf6 2. c4 e5 3. dxe5 Ng4 4. Bf4 g5 5. Bg3 Bg7 6. Nc3 Nxe5 7. e4 d6 8. h4
g4 9. Nge2 Nbc6 10. Nf4 h5 11. Be2 Be6 12. Qa4 Bd7 13. Qd1 Nd4 14. Qd2 Be6 15.
Ncd5 c6 16. Ne3 Nxe2 17. Qxe2 Qa5+ 18. Kf1 O-O-O 19. Kg1 Ng6 20. Nd3 Ne5 21.
Nf4 Qc5 22. Rc1 Qd4 23. Qc2 Ng6 24. b4 Nxf4 25. Bxf4 Be5 26. Rd1 Qb6 27. Nd5
cxd5 28. cxd5+ Kb8 29. Be3 Qxb4 30. dxe6 Rc8 31. Qd3 fxe6 32. Rb1 Rc3 33. Rxb4
Rxd3 34. g3 Rc8 35. Ra4 b6 36. Kg2 Rc2 37. Re1 Bc3 38. Ra3 Rxa2 39. Rxa2 Bxe1
40. Kf1 Bb4 41. Ke2 Rc3 42. Rb2 Bc5 43. Bxc5 dxc5 44. Rd2 Kc7 45. e5 Rc4 46. f3
gxf3+ 47. Kxf3 Rg4 48. Rd6 Rg6 49. Rd1 b5 50. Rg1 b4 0-1